000 01185cam a2200337 a 4500
001 4015792
003 OSt
005 20140310184526.0
008 970429s1997 nyuab b 000 1 eng
010 _a 97015520
020 _a0439626528
040 _aDLC
_cDLC
_dDLC
042 _alcac
050 0 0 _aPZ 7
_b.M47879Ne 2003
100 1 _aMcMullan, Kate.
_96752
245 1 4 _aThe new kid at school /
_cK.H. McMullan ; illustrated by Bill Basso.
260 _aNew York :
_bScholastic Inc.,
_c2003.
300 _a91 p. :
_bill. ;
_c19 cm.
490 1 _aDragon Slayers' Academy ;
_v1
521 _aG3
526 _c500
650 1 _aDragons
_xFiction.
_930269
650 1 _aFirst day of school
_xFiction.
_930270
650 1 _aSchools
_xFiction.
_930271
700 1 _aBasso, Bill,
_eill.
_930272
800 1 _aMcMullan, Kate.
_tDragon Slayers' Academy ;
_v1.
_930273
906 _a7
_bcbc
_corignew
_d1
_eocip
_f19
_gy-gencatlg
942 _2lcc
_cBK-SCHOLAS
999 _c35138
_d35138